Victorian Certificate of Education (VCE) Subjects - Statistics

General Stats
  • This quiz has been taken 68 times
  • The average score is 63 of 115
Answer Stats
Hint Answer % Correct
Mathematics Mathematical Methods
100%
Science Chemistry
98%
Science Physics
98%
Science Biology
96%
English English
96%
Mathematics General Mathematics
96%
Mathematics Specialist Mathematics
96%
English English as an Additional Language (EAL)
94%
Languages French
94%
Visual Arts Art Creative Practice
92%
Visual Arts Art Making and Exhibiting
92%
Health and Physical Education Physical Education
92%
Languages Chinese First Language
90%
Languages Chinese Language, Culture and Society
90%
Languages Chinese Second Language
90%
Languages Chinese Second Language Advanced
90%
Science Psychology
88%
Humanities Ancient History
87%
Humanities Australian History
87%
Mathematics Foundation Mathematics
87%
Health and Physical Education Health and Human Development
87%
Humanities History: Revolutions
87%
VCE VET Business
85%
Business and Economics Business Management
85%
Business and Economics Economics
85%
VCE VET Health
85%
English Literature
85%
Languages German
83%
Languages Spanish
83%
English English Language
81%
Languages Japanese First Language
81%
Languages Japanese Second Language
81%
Performing Arts Drama
77%
Languages Arabic
75%
Languages Italian
75%
Business and Economics Accounting
73%
Business and Economics Legal Studies
73%
Languages Russian
73%
Languages Greek
71%
Languages Indonesian First Language
67%
Languages Indonesian Second Language
67%
Humanities Geography
65%
Languages Hindi
65%
Languages Korean First Language
65%
Languages Korean Second Language
65%
Languages Latin
65%
Performing Arts Music Composition
63%
Performing Arts Music Contemporary Performance
63%
Performing Arts Music Inquiry
63%
VCE VET Music: Performance
63%
Performing Arts Music Repertoire Performance
63%
VCE VET Music: Sound Production
63%
Languages Vietnamese First Language
62%
Languages Vietnamese Second Language
62%
Languages Portuguese
60%
Science Environmental Science
58%
Languages Dutch
56%
Languages Swedish
56%
Humanities Australian Politics
54%
Humanities Global Politics
54%
Languages Polish
54%
Languages Ukrainian
52%
Performing Arts Theatre Studies
50%
Performing Arts | VCE VET Dance
48%
Visual Arts Media
48%
Languages Hebrew
46%
Humanities Philosophy
44%
Languages Romanian
44%
Languages Armenian
42%
Languages Croatian
42%
Design and Technologies Food Studies
42%
Languages Hungarian
42%
Design and Technologies Product Design and Technology
42%
Languages Turkish
42%
VCE VET Engineering Studies
40%
Languages Serbian
40%
Languages Tamil
40%
Visual Arts Visual Communication and Design
38%
Digital Technologies Applied Computing: Data Analytics
37%
Digital Technologies Applied Computing: Software Development
37%
Languages Bosnian
37%
Languages Punjabi
33%
Languages Bengali
31%
Languages Filipino
31%
Humanities Sociology
31%
Design and Technologies Systems Engineering
31%
VCE VET Sport and Recreation
29%
Languages Khmer
27%
Languages Macedonian
27%
Languages Persian
27%
Humanities Religion and Society
27%
Digital Technologies Algorithmics
25%
Humanities Classical Studies
25%
Languages Sinhala
25%
VCE VET Hospitality
23%
VCE VET Hospitality (Kitchen Operations)
23%
VCE VET Equine Studies
19%
VCE VET Information and Communications Technology
19%
Humanities Texts and Traditions
19%
Other Extended Investigation
17%
Business and Economics Industry and Enterprise
17%
Languages Yiddish
17%
Languages Aboriginal Languages of Victoria
15%
Design and Technologies Agricultural and Horticultural Studies
15%
Languages Karen
15%
Languages Maltese
15%
Languages Auslan
13%
Health and Physical Education Outdoor and Environmental Studies
13%
VCE VET Furnishing
12%
Languages Chin Hakha
10%
VCE VET Community Services
8%
VCE VET Creative and Digital Media
6%
VCE VET Laboratory Skills
6%
VCE VET Integrated Technologies
4%
No matching quizzes found
Score Distribution
Percent of People with Each Score
Percentile by Number Answered
Your Score History
You have not taken this quiz